Giáo trình thực hành thí nghiệm vật lí phổ thông /
Tallennettuna:
| Muut tekijät: | , , , , , |
|---|---|
| Aineistotyyppi: | Sách giấy |
| Kieli: | Vietnamese |
| Julkaistu: |
TP. HCM :
Đại học Sư phạm,
2001.
|
| Aiheet: | |
| Tagit: |
Lisää tagi
Ei tageja, Lisää ensimmäinen tagi!
|
| Thư viện lưu trữ: | Thư viện Trường Đại học Đà Lạt |
|---|
| LEADER | 00953nam a2200361 4500 | ||
|---|---|---|---|
| 001 | DLU110121090 | ||
| 005 | ##20110511 | ||
| 040 | # | # | |a DLU |b vie |
| 041 | # | # | |a vie |
| 044 | # | # | |a vn |
| 082 | # | # | |a 530.078 |b Gia |
| 245 | # | # | |a Giáo trình thực hành thí nghiệm vật lí phổ thông / |c Lê Thị Thanh Thảo, ... [et al]. |
| 260 | # | # | |a TP. HCM : |b Đại học Sư phạm, |c 2001. |
| 300 | # | # | |a 64 tr. : |b minh hoạ ; |c 29 cm. |
| 653 | # | # | |a Thí nghiệm |
| 653 | # | # | |a Vật lý học |
| 700 | # | # | |a Nguyễn Thị Thếp. |
| 700 | # | # | |a Lê Ngọc Vân. |
| 700 | # | # | |a Lê Thị Thanh Thảo. |
| 700 | # | # | |a Nguyễn Mạnh Hùng. |
| 700 | # | # | |a Ninh Quý Cường. |
| 700 | # | # | |a Phạm Thế Dân. |
| 923 | # | # | |a 05/2011 |
| 991 | # | # | |a GT |
| 992 | # | # | |a 7500 |
| 994 | # | # | |a DLU |
| 900 | # | # | |a True |
| 911 | # | # | |a Đào Thị Thu Huyền |
| 925 | # | # | |a G |
| 926 | # | # | |a A |
| 927 | # | # | |a SH |
| 980 | # | # | |a Thư viện Trường Đại học Đà Lạt |